[Event "Tradewise Gibraltar Masters 16th"]
[Site "Gibraltar"]
[Date "2018.01.24"]
[Round "2.45"]
[White "Mikhalevski, Victor"]
[Black "Erenberg, Ariel"]
[Result "1-0"]
[WhiteElo "2538"]
[BlackElo "2382"]
[PlyCount "101"]
[EventDate "2018.01.23"]
[EventType "swiss"]
[EventRounds "10"]
[EventCountry "GGB"]
[SourceTitle "BritBase"]
[Source "www.saund.co.uk"]
[SourceDate "2018.02.10"]
[SourceVersion "1"]
[SourceVersionDate "2018.02.10"]
[SourceQuality "1"]

1. d4 Nf6 2. c4 e6 3. Nf3 b6 4. g3 Bb4+ 5. Bd2 Be7 6. Bg2 Bb7 7. O-O O-O 8. Nc3
c6 9. Rc1 d5 10. Bf4 Nbd7 11. cxd5 Nxd5 12. Nxd5 exd5 13. Qc2 Re8 14. Rfd1 Bf6
15. h4 Nf8 16. e3 h6 17. h5 Qd7 18. Be5 Be7 19. Bf1 Nh7 20. Bf4 Bd6 21. Bxd6
Qxd6 22. Ne5 Nf6 23. Qf5 Rac8 24. g4 Rc7 25. f3 c5 26. Rc3 Ree7 27. Qf4 cxd4
28. Rxc7 Qxc7 29. exd4 Qc2 30. Qd2 Rc7 31. Bd3 Qxd2 32. Rxd2 Kf8 33. Kf2 Ke7
34. Re2 Kd6 35. Bf5 a5 36. Re3 Ba6 37. Rb3 b5 38. Ra3 a4 39. Re3 Bb7 40. a3 Ng8
41. Re1 Nf6 42. Bd3 Ba6 43. Ke3 Nd7 44. Nxf7+ Ke6 45. Bg6 Nf8 46. Kd2+ Kf6 47.
g5+ hxg5 48. Nd6 Re7 49. Ne8+ Rxe8 50. Rxe8 Ne6 51. Rb8 1-0

[Event "Tradewise Gibraltar Masters 16th"]
[Site "Gibraltar"]
[Date "2018.01.24"]
[Round "2.46"]
[White "Hoolt, Sarah"]
[Black "Epishin, Vladimir"]
[Result "1-0"]
[WhiteElo "2400"]
[BlackElo "2536"]
[PlyCount "73"]
[EventDate "2018.01.23"]
[EventType "swiss"]
[EventRounds "10"]
[EventCountry "GGB"]
[SourceTitle "BritBase"]
[Source "www.saund.co.uk"]
[SourceDate "2018.02.10"]
[SourceVersion "1"]
[SourceVersionDate "2018.02.10"]
[SourceQuality "1"]

1. e4 c6 2. d4 d5 3. f3 e6 4. Nc3 Bb4 5. Bf4 Ne7 6. Qd3 b6 7. Nge2 a5 8. a3 Ba6
9. Qe3 Bd6 10. e5 Nf5 11. Qf2 Be7 12. g4 Nh4 13. Bg3 c5 14. f4 Nc6 15. O-O-O h5
16. h3 g6 17. a4 Rc8 18. Nb5 Bxb5 19. axb5 Nxd4 20. Nxd4 cxd4 21. Bd3 a4 22.
Kd2 g5 23. f5 Kd7 24. Bxh4 gxh4 25. f6 Bb4+ 26. Ke2 hxg4 27. hxg4 Qg8 28. Qxd4
Bc5 29. Qf4 h3 30. c4 Rh4 31. Kf3 Be3 32. Qg3 Qg5 33. cxd5 Rch8 34. dxe6+ Ke8
35. exf7+ Kf8 36. Bf5 Bd2 37. Ke2 1-0

[Event "Tradewise Gibraltar Masters 16th"]
[Site "Gibraltar"]
[Date "2018.01.24"]
[Round "2.47"]
[White "Dvirnyy, Danyyil"]
[Black "Mohammad, Nubairshah Shaikh"]
[Result "1/2-1/2"]
[WhiteElo "2534"]
[BlackElo "2380"]
[PlyCount "60"]
[EventDate "2018.01.23"]
[EventType "swiss"]
[EventRounds "10"]
[EventCountry "GGB"]
[SourceTitle "BritBase"]
[Source "www.saund.co.uk"]
[SourceDate "2018.02.10"]
[SourceVersion "1"]
[SourceVersionDate "2018.02.10"]
[SourceQuality "1"]

1. e4 c6 2. d4 d5 3. e5 c5 4. dxc5 e6 5. a3 Nc6 6. Nf3 Bxc5 7. b4 Bb6 8. Bd3 f6
9. Bb2 fxe5 10. Nxe5 Qg5 11. Qg4 Qxg4 12. Nxg4 Nf6 13. Nxf6+ gxf6 14. Nd2 a5
15. b5 Ne5 16. Be2 Rg8 17. g3 Bd7 18. f4 Ng4 19. Bxg4 Rxg4 20. Bxf6 Rc8 21. a4
Kf7 22. Be5 Rxc2 23. Ke2 Rg8 24. Rhc1 Rgc8 25. Rxc2 Rxc2 26. Kd3 Rc8 27. Ra3
Rc1 28. Ra1 Rc8 29. Ra3 Rc1 30. Ra1 Rc8 1/2-1/2

[Event "Tradewise Gibraltar Masters 16th"]
[Site "Gibraltar"]
[Date "2018.01.24"]
[Round "2.48"]
[White "Sukandar, Irine Kharisma"]
[Black "Swapnil, S. Dhopade"]
[Result "0-1"]
[WhiteElo "2387"]
[BlackElo "2533"]
[PlyCount "80"]
[EventDate "2018.01.23"]
[EventType "swiss"]
[EventRounds "10"]
[EventCountry "GGB"]
[SourceTitle "BritBase"]
[Source "www.saund.co.uk"]
[SourceDate "2018.02.10"]
[SourceVersion "1"]
[SourceVersionDate "2018.02.10"]
[SourceQuality "1"]

1. e4 c6 2. d4 d5 3. exd5 cxd5 4. Bf4 Nc6 5. c3 Nf6 6. Nd2 Bf5 7. Ngf3 e6 8.
Qb3 Qc8 9. Nh4 Be4 10. Nxe4 dxe4 11. g3 Be7 12. Ng2 O-O 13. Be2 Nd5 14. Bd2 Qd7
15. O-O e5 16. dxe5 Nxe5 17. Rfd1 Rad8 18. c4 Nb6 19. Be3 Qc6 20. Bxb6 axb6 21.
Ne3 Bc5 22. Nd5 Qe6 23. Kg2 Qf5 24. Rf1 Nc6 25. Rad1 Qe5 26. Rfe1 Rfe8 27. a3
Rd6 28. Qc3 Bd4 29. Qd2 Red8 30. f4 Qe6 31. Qc2 f5 32. b4 Bf6 33. Qa2 Kf8 34.
Nxb6 Rxd1 35. Rxd1 Rxd1 36. Bxd1 Nd4 37. Nd5 e3 38. Nc3 e2 39. Nxe2 Qe4+ 40.
Kh3 Ne6 0-1

[Event "Tradewise Gibraltar Masters 16th"]
[Site "Gibraltar"]
[Date "2018.01.24"]
[Round "2.49"]
[White "Stark, Lars"]
[Black "Libiszewski, Fabien"]
[Result "1/2-1/2"]
[WhiteElo "2381"]
[BlackElo "2530"]
[PlyCount "63"]
[EventDate "2018.01.23"]
[EventType "swiss"]
[EventRounds "10"]
[EventCountry "GGB"]
[SourceTitle "BritBase"]
[Source "www.saund.co.uk"]
[SourceDate "2018.02.10"]
[SourceVersion "1"]
[SourceVersionDate "2018.02.10"]
[SourceQuality "1"]

1. c4 Nf6 2. g3 e5 3. Bg2 c6 4. Nf3 e4 5. Nd4 Qb6 6. Nb3 a5 7. d3 a4 8. N3d2 d5
9. cxd5 exd3 10. O-O cxd5 11. exd3 Nc6 12. Nc3 Qa5 13. a3 Be7 14. Nf3 O-O 15.
Re1 Re8 16. d4 Bf5 17. Ne5 Bf8 18. Bf4 h6 19. Rc1 Be6 20. Qd3 Qb6 21. Nb5 Rac8
22. Nxc6 Rxc6 23. Nc7 Rc8 24. Rxc6 bxc6 25. Qa6 Qxa6 26. Nxa6 g5 27. Bd2 Nd7
28. Rc1 Nb6 29. Nc5 Nc4 30. Bc3 Bxc5 31. dxc5 Rb8 32. Bf1 1/2-1/2

[Event "Tradewise Gibraltar Masters 16th"]
[Site "Gibraltar"]
[Date "2018.01.24"]
[Round "2.50"]
[White "Nihal, Sarin"]
[Black "Haria, Ravi"]
[Result "1/2-1/2"]
[WhiteElo "2524"]
[BlackElo "2374"]
[PlyCount "79"]
[EventDate "2018.01.23"]
[EventType "swiss"]
[EventRounds "10"]
[EventCountry "GGB"]
[SourceTitle "BritBase"]
[Source "www.saund.co.uk"]
[SourceDate "2018.02.10"]
[SourceVersion "1"]
[SourceVersionDate "2018.02.10"]
[SourceQuality "1"]

1. e4 e6 2. d4 d5 3. Nd2 Nf6 4. e5 Nfd7 5. Bd3 c5 6. c3 Nc6 7. Ne2 cxd4 8. cxd4
f6 9. exf6 Nxf6 10. Nf3 Bd6 11. O-O Qc7 12. Bg5 O-O 13. Rc1 Bd7 14. Ng3 Bf4 15.
Bxf4 Qxf4 16. Re1 Rae8 17. Bb5 Nd8 18. Qa4 Bxb5 19. Qxb5 Ne4 20. Qd7 Nc6 21.
Qxb7 Nxd4 22. Nxe4 Nxf3+ 23. gxf3 dxe4 24. Qxe4 Qxf3 25. Qxf3 Rxf3 26. Re4 Re7
27. Rc6 Rf6 28. Ra6 e5 29. Rxf6 gxf6 30. Ra4 Kf7 31. Ra6 Kg6 32. Kg2 Kg5 33.
Kg3 Rb7 34. b3 Rc7 35. h4+ Kf5 36. b4 Rc3+ 37. Kg2 Rc7 38. Kg3 Rc3+ 39. Kg2 Rc7
40. Kg3 1/2-1/2

[Event "Tradewise Gibraltar Masters 16th"]
[Site "Gibraltar"]
[Date "2018.01.24"]
[Round "2.51"]
[White "Mkrtchian, Lilit"]
[Black "Antal, Gergely"]
[Result "1/2-1/2"]
[WhiteElo "2378"]
[BlackElo "2522"]
[PlyCount "49"]
[EventDate "2018.01.23"]
[EventType "swiss"]
[EventRounds "10"]
[EventCountry "GGB"]
[SourceTitle "BritBase"]
[Source "www.saund.co.uk"]
[SourceDate "2018.02.10"]
[SourceVersion "1"]
[SourceVersionDate "2018.02.10"]
[SourceQuality "1"]

1. Nf3 c5 2. g3 Nc6 3. Bg2 Nf6 4. O-O e5 5. e4 Be7 6. Re1 O-O 7. d3 d6 8. c3 b5
9. Na3 b4 10. Nc2 bxc3 11. bxc3 Qa5 12. Bd2 Qa4 13. d4 Rb8 14. dxe5 dxe5 15.
Ne3 Qxd1 16. Rexd1 Nxe4 17. Nxe5 Nxe5 18. Bxe4 Bb7 19. Nd5 Bd6 20. Bf4 Rfd8 21.
Rab1 Kf8 22. Bg2 Rdc8 23. Be4 Rd8 24. Bg2 Rdc8 25. Be4 1/2-1/2

[Event "Tradewise Gibraltar Masters 16th"]
[Site "Gibraltar"]
[Date "2018.01.24"]
[Round "2.52"]
[White "Dzagnidze, Nana"]
[Black "Lombaers, Peter"]
[Result "1-0"]
[WhiteElo "2522"]
[BlackElo "2345"]
[PlyCount "109"]
[EventDate "2018.01.23"]
[EventType "swiss"]
[EventRounds "10"]
[EventCountry "GGB"]
[SourceTitle "BritBase"]
[Source "www.saund.co.uk"]
[SourceDate "2018.02.10"]
[SourceVersion "1"]
[SourceVersionDate "2018.02.10"]
[SourceQuality "1"]

1. d4 Nf6 2. Nf3 d5 3. Bf4 c5 4. e3 Nc6 5. c3 Qb6 6. Qb3 c4 7. Qc2 Bf5 8. Qc1
e6 9. Nbd2 h6 10. Be2 Be7 11. O-O O-O 12. b3 Qa5 13. bxc4 Ba3 14. Nb3 Bxc1 15.
Nxa5 Nxa5 16. Rfxc1 Nxc4 17. Ne5 Nxe5 18. Bxe5 Rfc8 19. c4 Nd7 20. Bd6 dxc4 21.
Bf3 Bd3 22. Bxb7 Nb6 23. a4 a5 24. Ra3 Re8 25. Bxa8 Rxa8 26. f3 Nd5 27. Kf2 f5
28. Ra2 Rd8 29. Be5 Rd7 30. Rb2 Nb4 31. Ke1 Kf7 32. Kd2 g5 33. e4 Kg6 34. Re1
h5 35. Kc3 h4 36. Rf2 Kf7 37. h3 Kg6 38. Rb2 Kh5 39. g4+ hxg3 40. Bxg3 Kg6 41.
Rg2 Rb7 42. d5 exd5 43. exd5 f4 44. Bh4 Nxd5+ 45. Kd4 Ne3 46. Rxg5+ Kh6 47. Rb5
Rd7+ 48. Kc3 Bf1 49. Bg5+ Kg6 50. Bxf4 Rd3+ 51. Kb2 c3+ 52. Kc1 Ng2 53. Rxf1
Nxf4 54. Kc2 Re3 55. Rxa5 1-0

[Event "Tradewise Gibraltar Masters 16th"]
[Site "Gibraltar"]
[Date "2018.01.24"]
[Round "2.53"]
[White "Quillan, Gary"]
[Black "Praggnanandhaa, R."]
[Result "1/2-1/2"]
[WhiteElo "2340"]
[BlackElo "2515"]
[PlyCount "66"]
[EventDate "2018.01.23"]
[EventType "swiss"]
[EventRounds "10"]
[EventCountry "GGB"]
[SourceTitle "BritBase"]
[Source "www.saund.co.uk"]
[SourceDate "2018.02.10"]
[SourceVersion "1"]
[SourceVersionDate "2018.02.10"]
[SourceQuality "1"]

1. e4 c5 2. Nf3 e6 3. d3 Nc6 4. g3 g6 5. Bg2 Bg7 6. O-O Nge7 7. Re1 O-O 8. c3
e5 9. a3 d6 10. b4 a6 11. Nbd2 h6 12. Rb1 b6 13. Nc4 b5 14. Ne3 Be6 15. Nd2 Rb8
16. Nb3 cxb4 17. axb4 a5 18. bxa5 Nxa5 19. Nd5 Nxd5 20. exd5 Bf5 21. Be3 Kh7
22. Nxa5 Qxa5 23. Qd2 Rfc8 24. Rb3 Ra8 25. d4 exd4 26. Bxd4 Re8 27. Rxe8 Rxe8
28. h3 Bxd4 29. Qxd4 Re5 30. Kh2 Bd7 31. c4 bxc4 32. Qxc4 Qa7 33. Rf3 Kg7
1/2-1/2

[Event "Tradewise Gibraltar Masters 16th"]
[Site "Gibraltar"]
[Date "2018.01.24"]
[Round "2.54"]
[White "Steinberg, Nitzan"]
[Black "Goriatchkin, Jouri"]
[Result "1-0"]
[WhiteElo "2512"]
[BlackElo "2310"]
[PlyCount "87"]
[EventDate "2018.01.23"]
[EventType "swiss"]
[EventRounds "10"]
[EventCountry "GGB"]
[SourceTitle "BritBase"]
[Source "www.saund.co.uk"]
[SourceDate "2018.02.10"]
[SourceVersion "1"]
[SourceVersionDate "2018.02.10"]
[SourceQuality "1"]

1. e4 e6 2. d4 d5 3. Nd2 c5 4. exd5 Qxd5 5. Ngf3 cxd4 6. Bc4 Qd6 7. O-O Nf6 8.
Re1 Be7 9. Nb3 Nc6 10. Nbxd4 Nxd4 11. Nxd4 O-O 12. c3 e5 13. Nb5 Qxd1 14. Rxd1
Bg4 15. f3 Bc5+ 16. Kf1 Bd7 17. Bg5 Bc6 18. Nd6 e4 19. Bxf6 exf3 20. gxf3 gxf6
21. Ke2 f5 22. Rg1+ Kh8 23. Nxf7+ Rxf7 24. Bxf7 Rf8 25. Bh5 Bb5+ 26. Kd2 Rd8+
27. Kc2 Bd3+ 28. Kb3 Rd6 29. c4 Bd4 30. c5 Bxc5 31. Rgd1 b5 32. Kc3 b4+ 33. Kb3
a5 34. Rxd3 Rxd3+ 35. Kc4 Rd2 36. Kxc5 Rxh2 37. Bf7 Kg7 38. Bb3 Rxb2 39. Kb5
Rh2 40. Kxa5 Rh4 41. Kb5 h5 42. Bc4 Rd4 43. Kxb4 h4 44. a4 1-0

[Event "Tradewise Gibraltar Masters 16th"]
[Site "Gibraltar"]
[Date "2018.01.24"]
[Round "2.55"]
[White "Kollars, Dmitrij"]
[Black "Baert, Andy"]
[Result "1-0"]
[WhiteElo "2505"]
[BlackElo "2164"]
[PlyCount "123"]
[EventDate "2018.01.23"]
[EventType "swiss"]
[EventRounds "10"]
[EventCountry "GGB"]
[SourceTitle "BritBase"]
[Source "www.saund.co.uk"]
[SourceDate "2018.02.10"]
[SourceVersion "1"]
[SourceVersionDate "2018.02.10"]
[SourceQuality "1"]

1. e4 c5 2. Nf3 d6 3. Bb5+ Nd7 4. O-O Ngf6 5. Re1 a6 6. Bd3 b5 7. c4 bxc4 8.
Bxc4 Nb6 9. d3 e6 10. Bb3 Be7 11. Nc3 O-O 12. d4 cxd4 13. Nxd4 Bb7 14. Bxe6
fxe6 15. Nxe6 Qc8 16. Nxf8 Kxf8 17. Bf4 Qe6 18. Qd4 Nbd7 19. Rad1 Ne5 20. Qb6
Qc8 21. Nd5 Bxd5 22. exd5 Nfd7 23. Qe3 Bf6 24. Qh3 Qc2 25. Rc1 Qxb2 26. Qxh7
Re8 27. Qh8+ Ke7 28. Qh3 Kf8 29. Be3 Qb7 30. Red1 Kg8 31. Rb1 Qc7 32. Rdc1 Nc5
33. Bxc5 dxc5 34. Re1 Qc8 35. Qh5 Nf7 36. Rxe8+ Qxe8 37. d6 Nxd6 38. Qxc5 Nb5
39. Kf1 Nc3 40. Qc4+ Kh7 41. Rb3 Qd7 42. g4 Qd2 43. Qe6 Qf4 44. a3 a5 45. Kg2
Be5 46. Qf5+ Qxf5 47. gxf5 Kh6 48. f4 Bf6 49. Kf3 Kh7 50. Rb7 Kg8 51. Ke3 Kf8
52. Kd3 Ke8 53. Ra7 a4 54. Kc4 Kd8 55. h4 Ke8 56. h5 Kf8 57. Ra6 Nd1 58. Kd5
Kg8 59. h6 Bb2 60. Ra8+ Kh7 61. hxg7 Kxg7 62. Ke6 1-0

[Event "Tradewise Gibraltar Masters 16th"]
[Site "Gibraltar"]
[Date "2018.01.24"]
[Round "2.56"]
[White "Richards, Heather S"]
[Black "Batsiashvili, Nino"]
[Result "0-1"]
[WhiteElo "2223"]
[BlackElo "2504"]
[PlyCount "118"]
[EventDate "2018.01.23"]
[EventType "swiss"]
[EventRounds "10"]
[EventCountry "GGB"]
[SourceTitle "BritBase"]
[Source "www.saund.co.uk"]
[SourceDate "2018.02.10"]
[SourceVersion "1"]
[SourceVersionDate "2018.02.10"]
[SourceQuality "1"]

1. e4 e5 2. Nc3 Nf6 3. g3 d5 4. exd5 Nxd5 5. Bg2 Nxc3 6. bxc3 Nc6 7. Ne2 Bc5 8.
O-O O-O 9. d3 Be6 10. c4 Qd7 11. Rb1 Bh3 12. Be3 Bxg2 13. Kxg2 Bxe3 14. fxe3
Ne7 15. Nc3 b6 16. Qh5 f5 17. e4 Rf7 18. Rf2 Raf8 19. Rbf1 c6 20. Qg5 h6 21.
Qe3 Qd4 22. Qd2 Qc5 23. Kh1 Qa5 24. exf5 Nxf5 25. g4 Nd6 26. Rxf7 Rxf7 27. Rxf7
Nxf7 28. Kg2 Ng5 29. Ne4 Qxa2 30. Nxg5 hxg5 31. Kh3 Qa3 32. Qxg5 Qd6 33. Qf5
Qf6 34. Qd7 Qf3+ 35. Kh4 Qf2+ 36. Kh3 Qf3+ 37. Kh4 Qf7 38. Qc8+ Kh7 39. Kg3
Qf4+ 40. Kh3 Qf3+ 41. Kh4 a5 42. Qe8 Qf6+ 43. Kg3 Qf4+ 44. Kh3 a4 45. Qa8 Qf3+
46. Kh4 Qf2+ 47. Kh3 Qxc2 48. Qxc6 Qxd3+ 49. Kh4 a3 50. Qe8 Qg6 51. Qa4 Qh6+
52. Kg3 Qf4+ 53. Kh3 Qf3+ 54. Kh4 Qf2+ 55. Kh3 a2 56. Qd1 e4 57. Qd5 Qe3+ 58.
Kh4 a1=Q 59. Qf5+ g6 0-1

[Event "Tradewise Gibraltar Masters 16th"]
[Site "Gibraltar"]
[Date "2018.01.24"]
[Round "2.57"]
[White "Aronian, Levon"]
[Black "Hemant, Sharma (Del)"]
[Result "1-0"]
[WhiteElo "2797"]
[BlackElo "2348"]
[PlyCount "55"]
[EventDate "2018.01.23"]
[EventType "swiss"]
[EventRounds "10"]
[EventCountry "GGB"]
[SourceTitle "BritBase"]
[Source "www.saund.co.uk"]
[SourceDate "2018.02.10"]
[SourceVersion "1"]
[SourceVersionDate "2018.02.10"]
[SourceQuality "1"]

1. d4 d5 2. Bf4 Nf6 3. e3 e6 4. Nf3 Be7 5. Bd3 b6 6. Nbd2 Bb7 7. Ne5 a6 8. O-O
Nbd7 9. c3 O-O 10. Qf3 Ne8 11. Qh3 f5 12. Ndf3 Nxe5 13. Nxe5 Nd6 14. g4 c5 15.
Kh1 Bg5 16. Bxg5 Qxg5 17. gxf5 Nxf5 18. Rg1 Qe7 19. Rxg7+ Qxg7 20. Rg1 cxd4 21.
Rxg7+ Kxg7 22. Qg4+ Kh8 23. Bxf5 dxe3 24. Qd4 Rxf5 25. Nf7+ Kg8 26. Nh6+ Kf8
27. Nxf5 exf5 28. fxe3 1-0

[Event "Tradewise Gibraltar Masters 16th"]
[Site "Gibraltar"]
[Date "2018.01.24"]
[Round "2.58"]
[White "Harikrishna, Pentala"]
[Black "Gara, Anita"]
[Result "1/2-1/2"]
[WhiteElo "2745"]
[BlackElo "2350"]
[PlyCount "112"]
[EventDate "2018.01.23"]
[EventType "swiss"]
[EventRounds "10"]
[EventCountry "GGB"]
[SourceTitle "BritBase"]
[Source "www.saund.co.uk"]
[SourceDate "2018.02.10"]
[SourceVersion "1"]
[SourceVersionDate "2018.02.10"]
[SourceQuality "1"]

1. e4 c5 2. Nf3 d6 3. c3 Nf6 4. Be2 g6 5. O-O Bg7 6. Bb5+ Bd7 7. Bxd7+ Qxd7 8.
Re1 Nc6 9. d4 cxd4 10. cxd4 d5 11. e5 Ne4 12. Nbd2 Nxd2 13. Bxd2 a5 14. a4 O-O
15. Qb3 e6 16. Bg5 Rfc8 17. Rec1 Nb4 18. Rc3 Rc6 19. h3 Rac8 20. Rac1 Bf8 21.
Nh2 Be7 22. Bd2 R8c7 23. Ng4 Qd8 24. Rxc6 Rxc6 25. Rc3 Bg5 26. Rxc6 Nxc6 27.
Bc3 Qc7 28. g3 Kg7 29. Qd1 h5 30. Nh2 Be7 31. g4 h4 32. Nf3 Qb6 33. Kg2 Nb4 34.
Qd2 Nc6 35. Qe2 Qb3 36. Qb5 Qxb5 37. axb5 Nb4 38. Bxb4 axb4 39. Kf1 Kf8 40. Ke2
Ke8 41. b3 g5 42. Ne1 b6 43. Nd3 Kf8 44. f4 gxf4 45. Nxf4 Kg7 46. Nd3 Kg6 47.
Kf3 Kg5 48. Nf4 Kh6 49. Nh5 Kg6 50. Nf4+ Kh6 51. Ng2 Kg5 52. Ne1 Kg6 53. Ke2
Kg5 54. Ke3 Kg6 55. Nf3 Bg5+ 56. Ke2 Be7 1/2-1/2

[Event "Tradewise Gibraltar Masters 16th"]
[Site "Gibraltar"]
[Date "2018.01.24"]
[Round "2.59"]
[White "Garcia Martin, Marta"]
[Black "Le, Quang Liem"]
[Result "0-1"]
[WhiteElo "2323"]
[BlackElo "2737"]
[PlyCount "74"]
[EventDate "2018.01.23"]
[EventType "swiss"]
[EventRounds "10"]
[EventCountry "GGB"]
[SourceTitle "BritBase"]
[Source "www.saund.co.uk"]
[SourceDate "2018.02.10"]
[SourceVersion "1"]
[SourceVersionDate "2018.02.10"]
[SourceQuality "1"]

1. e4 c5 2. c3 d5 3. exd5 Qxd5 4. d4 g6 5. Nf3 Bg7 6. Na3 Nh6 7. Bc4 Qe4+ 8.
Be3 cxd4 9. Nb5 O-O 10. cxd4 Nf5 11. Nc7 Nxe3 12. fxe3 Qxe3+ 13. Qe2 Qf4 14.
Nxa8 Nc6 15. Qd2 Qd6 16. O-O Bf5 17. Rad1 Rxa8 18. Qe3 Na5 19. Be2 Rd8 20. Ne5
Nc6 21. Bc4 e6 22. g4 Nxe5 23. dxe5 Qxd1 24. Rxd1 Rxd1+ 25. Kf2 Bxg4 26. Be2
Bxe2 27. Kxe2 Rh1 28. Qf4 b6 29. b4 Rb1 30. Qc4 Bxe5 31. b5 Rb2+ 32. Kd3 Rxh2
33. Qc8+ Kg7 34. Qa6 Rh3+ 35. Ke2 Bd4 36. Qxa7 e5 37. Qa4 h5 0-1

[Event "Tradewise Gibraltar Masters 16th"]
[Site "Gibraltar"]
[Date "2018.01.24"]
[Round "2.60"]
[White "Short, Nigel D"]
[Black "Horvath, Dominik"]
[Result "1-0"]
[WhiteElo "2681"]
[BlackElo "2329"]
[PlyCount "51"]
[EventDate "2018.01.23"]
[EventType "swiss"]
[EventRounds "10"]
[EventCountry "GGB"]
[SourceTitle "BritBase"]
[Source "www.saund.co.uk"]
[SourceDate "2018.02.10"]
[SourceVersion "1"]
[SourceVersionDate "2018.02.10"]
[SourceQuality "1"]

1. Nf3 d5 2. d4 Nf6 3. c4 e6 4. Nc3 a6 5. cxd5 exd5 6. Bf4 Bd6 7. Bg3 O-O 8. e3
Bf5 9. Be2 c6 10. Qb3 Bxg3 11. hxg3 Ra7 12. Ne5 h6 13. g4 Bh7 14. f4 Nbd7 15.
O-O-O Nxe5 16. dxe5 Nd7 17. g5 hxg5 18. Rh3 g4 19. Bxg4 Nc5 20. Qb4 b6 21. f5
Qg5 22. Qxb6 Qxg4 23. Qxc5 Rb7 24. Rdh1 Qb4 25. Rxh7 Qxb2+ 26. Kd1 1-0

[Event "Tradewise Gibraltar Masters 16th"]
[Site "Gibraltar"]
[Date "2018.01.24"]
[Round "2.61"]
[White "Sutovsky, Emil"]
[Black "Gara, Ticia"]
[Result "1-0"]
[WhiteElo "2673"]
[BlackElo "2331"]
[PlyCount "57"]
[EventDate "2018.01.23"]
[EventType "swiss"]
[EventRounds "10"]
[EventCountry "GGB"]
[SourceTitle "BritBase"]
[Source "www.saund.co.uk"]
[SourceDate "2018.02.10"]
[SourceVersion "1"]
[SourceVersionDate "2018.02.10"]
[SourceQuality "1"]

1. e4 c5 2. Nf3 g6 3. c3 d5 4. e5 Nc6 5. d4 Bg4 6. Bb5 Qb6 7. Qa4 Bxf3 8. dxc5
Qc7 9. gxf3 Qxe5+ 10. Be3 Qc7 11. c4 Nf6 12. Nc3 dxc4 13. O-O-O Bg7 14. h4 O-O
15. h5 Ne5 16. hxg6 hxg6 17. f4 Nd3+ 18. Rxd3 cxd3 19. f5 Rfd8 20. fxg6 d2+ 21.
Kd1 Kf8 22. gxf7 Qc8 23. Rg1 Qf5 24. Qh4 Nd5 25. Ne4 Nxe3+ 26. fxe3 Qf3+ 27.
Be2 Qxe3 28. Rf1 Qh6 29. Ng5 1-0

[Event "Tradewise Gibraltar Masters 16th"]
[Site "Gibraltar"]
[Date "2018.01.24"]
[Round "2.62"]
[White "Saric, Ivan"]
[Black "Sadhwani, Raunak"]
[Result "1-0"]
[WhiteElo "2664"]
[BlackElo "2321"]
[PlyCount "89"]
[EventDate "2018.01.23"]
[EventType "swiss"]
[EventRounds "10"]
[EventCountry "GGB"]
[SourceTitle "BritBase"]
[Source "www.saund.co.uk"]
[SourceDate "2018.02.10"]
[SourceVersion "1"]
[SourceVersionDate "2018.02.10"]
[SourceQuality "1"]

1. e4 c6 2. Nc3 d5 3. Nf3 Nf6 4. e5 Ne4 5. Ne2 Qb6 6. d4 e6 7. Ng3 c5 8. c3
cxd4 9. Nxd4 Nxg3 10. hxg3 Nc6 11. Nf3 Bd7 12. Bd3 h6 13. Qe2 g6 14. Be3 Qc7
15. Bb5 Bg7 16. Bxc6 Qxc6 17. a4 h5 18. Rh4 Qc7 19. Bg5 Bc6 20. Kf1 Kf8 21. Bf6
Re8 22. Rf4 Bxf6 23. Rxf6 Re7 24. Qe3 Qb6 25. Qxb6 axb6 26. Rf4 Kg7 27. Rb4 Ra8
28. Rxb6 Rxa4 29. Rxa4 Bxa4 30. Nd4 Kg8 31. Ke2 Rc7 32. Ke3 Bc6 33. Kf4 Kf8 34.
g4 hxg4 35. Kxg4 Kg7 36. Kg5 Rc8 37. g4 Rh8 38. b4 Rh2 39. b5 Rxf2 40. bxc6
bxc6 41. Rxc6 Rf1 42. Rc7 Kf8 43. Nb5 Rf3 44. Nd6 Rf1 45. Rxf7+ 1-0

[Event "Tradewise Gibraltar Masters 16th"]
[Site "Gibraltar"]
[Date "2018.01.24"]
[Round "2.63"]
[White "Prithu, Gupta"]
[Black "Iturrizaga Bonelli, Eduardo"]
[Result "1/2-1/2"]
[WhiteElo "2373"]
[BlackElo "2650"]
[PlyCount "53"]
[EventDate "2018.01.23"]
[EventType "swiss"]
[EventRounds "10"]
[EventCountry "GGB"]
[SourceTitle "BritBase"]
[Source "www.saund.co.uk"]
[SourceDate "2018.02.10"]
[SourceVersion "1"]
[SourceVersionDate "2018.02.10"]
[SourceQuality "1"]

1. e4 c5 2. Nf3 e6 3. c3 Nf6 4. e5 Nd5 5. d4 cxd4 6. cxd4 b6 7. Bc4 Bb7 8. O-O
Be7 9. Nc3 Nxc3 10. bxc3 Qc7 11. Qe2 Nc6 12. Bd3 Na5 13. c4 Rc8 14. d5 exd5 15.
cxd5 Bxd5 16. Nd4 Be6 17. Nb5 Qb8 18. f4 Bc4 19. Nd6+ Bxd6 20. exd6+ Kf8 21.
Qe7+ Kg8 22. Bxc4 Nxc4 23. Qxd7 Rd8 24. Qc6 Rc8 25. Qd7 Rd8 26. Qc6 Rc8 27. Qd7
1/2-1/2

[Event "Tradewise Gibraltar Masters 16th"]
[Site "Gibraltar"]
[Date "2018.01.24"]
[Round "2.64"]
[White "Akobian, Varuzhan"]
[Black "Papp, Petra"]
[Result "1-0"]
[WhiteElo "2647"]
[BlackElo "2324"]
[PlyCount "59"]
[EventDate "2018.01.23"]
[EventType "swiss"]
[EventRounds "10"]
[EventCountry "GGB"]
[SourceTitle "BritBase"]
[Source "www.saund.co.uk"]
[SourceDate "2018.02.10"]
[SourceVersion "1"]
[SourceVersionDate "2018.02.10"]
[SourceQuality "1"]

1. d4 Nf6 2. c4 g6 3. Nc3 d5 4. Nf3 Bg7 5. cxd5 Nxd5 6. Bg5 c5 7. Rc1 Nxc3 8.
bxc3 Qa5 9. Qd2 h6 10. Bf4 cxd4 11. cxd4 Qxd2+ 12. Kxd2 O-O 13. e4 Na6 14. h4
Rd8 15. Ke3 Nb8 16. Rc7 Nd7 17. Bb5 Bf8 18. Rhc1 Nf6 19. Ne5 Be6 20. Rxb7 Nxe4
21. Nc6 Nd6 22. Nxd8 Nf5+ 23. Ke2 Rxd8 24. Bc4 g5 25. hxg5 hxg5 26. Be5 Bxc4+
27. Rxc4 f6 28. Rb8 Rxb8 29. Bxb8 a6 30. Kd3 1-0

[Event "Tradewise Gibraltar Masters 16th"]
[Site "Gibraltar"]
[Date "2018.01.24"]
[Round "2.65"]
[White "Lercel, Michal"]
[Black "Vocaturo, Daniele"]
[Result "0-1"]
[WhiteElo "2252"]
[BlackElo "2609"]
[PlyCount "46"]
[EventDate "2018.01.23"]
[EventType "swiss"]
[EventRounds "10"]
[EventCountry "GGB"]
[SourceTitle "BritBase"]
[Source "www.saund.co.uk"]
[SourceDate "2018.02.10"]
[SourceVersion "1"]
[SourceVersionDate "2018.02.10"]
[SourceQuality "1"]

1. Nf3 g6 2. e4 c5 3. c4 Nc6 4. d4 cxd4 5. Nxd4 Nf6 6. Nc3 d6 7. Be2 Nxd4 8.
Qxd4 Bg7 9. Be3 O-O 10. Qd2 a5 11. O-O a4 12. Rad1 Ng4 13. Bd4 Bh6 14. Qc2 e5
15. Bc5 Nxh2 16. Rxd6 Qh4 17. Rfd1 Bf4 18. g3 Bxg3 19. fxg3 Qxg3+ 20. Kh1 Bh3
21. Bd3 Bg4 22. Rf6 Nf3 23. Bf1 Qh4+ 0-1